[Event "IECC M1-2012.T008"]
[Site "IECC email"]
[Date "2012.02.18"]
[Round "?"]
[White "Bertel, Michael"]
[Black "Baker, Matthew JD"]
[Result "1/2-1/2"]
[WhiteElo "1693"]
[BlackElo "1508"]
[PlyCount "118"]
[EventDate "2012.??.??"]
[EventType "match (corr)"]
[EventRounds "2"]
[SourceTitle "Telechess CBM 165"]
[Source "ChessBase"]
[SourceDate "2015.03.11"]
[SourceVersion "1"]
[SourceVersionDate "2015.03.11"]
[SourceQuality "1"]
[WhiteTeam "US of America"]
[BlackTeam "US of America"]
[WhiteTeamCountry "USA"]
[BlackTeamCountry "USA"]

1. d4 d5 2. Bf4 Nf6 3. e3 g6 4. c4 Nh5 5. Bg5 Bg7 6. Nc3 Be6 7. Qb3 dxc4 8. Qxb7 Nd7 9. 0-0-0 0-0 10. Be2 Nhf6 11. Nf3 Ng4 12. Bh4 Nb6 13. e4 Qd6 14. Bg3 Bh6+ 15. Kb1 Bf4 16. e5 Qd7 17. Bxf4 Nd5 18. Nxd5 Bxd5 19. Qb4 Qf5+ 20. Ka1 Nxf2 21. Be3 Nxh1 22. Rxh1 Rab8 23. Qc3 Rb6 24. Rf1 Rfb8 25. Nd2 Qe6 26. Nxc4 Rb4 27. Rc1 Bxg2 28. b3 Qa6 29. Qc2 Bd5 30. Bg5 Rxb3 31. Nd2 Qa4 32. Nxb3 Bxb3 33. Qb2 Rb6 34. Be3 Bd5 35. Qd2 c6 36. Bd3 h5 37. Rc5 Rb4 38. Bb1 e6 39. Bf2 Qa3 40. Rc1 a5 41. Rc3 Qa4 42. Be3 Qb5 43. Rc1 Qa4 44. Bd3 Qa3 45. Rc3 Qa4 46. Bf2 Kh7 47. h3 Rb7 48. Qc2 Qb4 49. Qc1 Qe7 50. Ra3 f5 51. Rxa5 g5 52. Qa3 Qxa3 53. Rxa3 g4 54. Bc2 Kg6 55. h4 Be4 56. Bxe4 fxe4 57. Re3 Rf7 58. Re2 Rf3 59. a4 Kf5 1/2-1/2

[Event "IECC CL5-2011.20 email"]
[Site "IECC email"]
[Date "2012.01.06"]
[Round "?"]
[White "Baker, Matthew JD"]
[Black "El Messiry, Raouf"]
[Result "1/2-1/2"]
[WhiteElo "1584"]
[BlackElo "1521"]
[PlyCount "55"]
[EventDate "2011.??.??"]
[EventType "tourn (corr)"]
[EventRounds "4"]
[SourceTitle "Telechess CBM 165"]
[Source "ChessBase"]
[SourceDate "2015.03.11"]
[SourceVersion "1"]
[SourceVersionDate "2015.03.11"]
[SourceQuality "1"]
[WhiteTeam "US of America"]
[WhiteTeamCountry "USA"]

1. d4 d5 2. c4 c6 3. Nf3 Nf6 4. e3 Bf5 5. Nc3 e6 6. Nh4 Bg6 7. Qb3 Qb6 8. Nxg6 hxg6 9. Bd2 Nbd7 10. Be2 Qxb3 11. axb3 a6 12. 0-0 Be7 13. Bd3 0-0-0 14. Na4 Bd6 15. h3 g5 16. f3 Kb8 17. c5 Bc7 18. b4 e5 19. Nc3 Nf8 20. Ra3 exd4 21. exd4 Ne6 22. Ne2 Nh5 23. Kf2 Nhf4 24. Nxf4 gxf4 25. Bc3 g6 26. Re1 Rde8 27. Raa1 Ng7 28. Bd2 1/2-1/2

[Event "IECC Swiss-556.2"]
[Site "IECC email"]
[Date "2011.07.22"]
[Round "?"]
[White "Baker, Matthew JD"]
[Black "Walsh, Kevin"]
[Result "1/2-1/2"]
[WhiteElo "1552"]
[BlackElo "1667"]
[PlyCount "53"]
[EventDate "2011.??.??"]
[EventType "swiss (corr)"]
[EventRounds "1"]
[SourceTitle "Telechess CBM 149"]
[Source "ChessBase"]
[SourceDate "2012.07.17"]
[SourceVersion "1"]
[SourceVersionDate "2012.07.17"]
[SourceQuality "1"]
[WhiteTeam "US of America"]
[BlackTeam "Ireland"]
[WhiteTeamCountry "USA"]
[BlackTeamCountry "IRL"]

1. e4 d5 2. exd5 Qxd5 3. Nc3 Qd6 4. g3 Nf6 5. Bg2 c6 6. Nf3 Bg4 7. d4 Nbd7 8. h3 Bxf3 9. Bxf3 e6 10. Bf4 Qb4 11. Rb1 Be7 12. 0-0 0-0 13. Re1 Rfe8 14. a3 Qa5 15. Qd3 Nd5 16. Bd2 Qc7 17. b4 N7f6 18. Ne4 Nxe4 19. Bxe4 Nf6 20. Bf3 Rad8 21. c4 Qd7 22. Bc3 h6 23. Rbd1 c5 24. d5 cxb4 25. axb4 exd5 26. Bxf6 Bxf6 27. Rxe8+ 1/2-1/2

[Event "IECC CL5-2011.11 email"]
[Site "IECC email"]
[Date "2011.07.02"]
[Round "?"]
[White "Bienkowski, Alejandro"]
[Black "Baker, Matthew JD"]
[Result "1-0"]
[WhiteElo "1441"]
[BlackElo "1552"]
[PlyCount "71"]
[EventDate "2011.??.??"]
[EventType "tourn (corr)"]
[EventRounds "4"]
[SourceTitle "Telechess CBM 145"]
[Source "Chessbase"]
[SourceDate "2011.11.11"]
[SourceVersion "1"]
[SourceVersionDate "2011.11.11"]
[SourceQuality "1"]
[WhiteTeam "Argentina"]
[BlackTeam "US of America"]
[WhiteTeamCountry "ARG"]
[BlackTeamCountry "USA"]

1. e4 e5 2. Nf3 Nc6 3. Bc4 Bc5 4. b4 Bxb4 5. c3 Ba5 6. 0-0 d6 7. d4 exd4 8. cxd4 Bb6 9. Nc3 Nf6 10. d5 Ne7 11. Bg5 0-0 12. Bxf6 gxf6 13. Qd2 Ng6 14. Na4 Bd7 15. Nxb6 axb6 16. Nd4 c5 17. Nf5 Bxf5 18. exf5 Ne7 19. Qd3 Kh8 20. Rfe1 Qd7 21. Bb5 Qd8 22. Re2 Nc8 23. Rae1 Na7 24. Re8 Rxe8 25. Rxe8+ Qxe8 26. Bxe8 Rxe8 27. Kf1 Nc8 28. Qb5 Re7 29. Qa4 Kg7 30. Qa8 Re8 31. Qxb7 h5 32. Qd7 Rf8 33. Ke2 h4 34. Kf3 Rh8 35. h3 c4 36. Ke4 1-0

[Event "IECC CL4-2011.02 email"]
[Site "IECC email"]
[Date "2011.03.11"]
[Round "?"]
[White "Basson, Heinrich"]
[Black "Baker, Matthew JD"]
[Result "1/2-1/2"]
[WhiteElo "1747"]
[BlackElo "1592"]
[PlyCount "84"]
[EventDate "2011.??.??"]
[EventType "tourn (corr)"]
[EventRounds "4"]
[SourceTitle "Telechess CBM 145"]
[Source "Chessbase"]
[SourceDate "2011.11.11"]
[SourceVersion "1"]
[SourceVersionDate "2011.11.11"]
[SourceQuality "1"]
[WhiteTeam "South Africa"]
[BlackTeam "US of America"]
[WhiteTeamCountry "RSA"]
[BlackTeamCountry "USA"]

1. d4 d5 2. c4 dxc4 3. e4 e5 4. Nf3 exd4 5. Qxd4 Qxd4 6. Nxd4 Nf6 7. Nc3 Bb4 8. f3 0-0 9. Bf4 c5 10. Ndb5 a6 11. Nc7 Ra7 12. Bd6 Rd8 13. Be7 Rd7 14. Bxf6 gxf6 15. N7d5 Kg7 16. Bxc4 b5 17. Be2 Nc6 18. a4 Bxc3+ 19. bxc3 b4 20. cxb4 cxb4 21. Rc1 Bb7 22. Ne3 Nd4 23. Rc4 Nxe2 24. Kxe2 a5 25. Nf5+ Kf8 26. Ke3 Ra8 27. Rhc1 Rdd8 28. Nd4 Bc8 29. Nc6 Be6 30. Nxd8 Bxc4 31. Rxc4 Rxd8 32. Rc5 Ra8 33. Kd3 Ra6 34. Kc4 Rb6 35. Kb3 Ra6 36. Rb5 h6 37. Rh5 Kg7 38. h4 Kg6 39. g4 Kg7 40. Rb5 Kf8 41. Rd5 Ra8 42. Rh5 Kg7 1/2-1/2

[Event "IECC M1-2011.T020"]
[Site "IECC email"]
[Date "2011.03.07"]
[Round "?"]
[White "Basson, Heinrich"]
[Black "Baker, Matthew JD"]
[Result "1-0"]
[WhiteElo "1650"]
[BlackElo "1582"]
[PlyCount "37"]
[EventDate "2011.??.??"]
[EventType "match (corr)"]
[EventRounds "2"]
[SourceTitle "Telechess CBM 145"]
[Source "Chessbase"]
[SourceDate "2011.11.11"]
[SourceVersion "1"]
[SourceVersionDate "2011.11.11"]
[SourceQuality "1"]
[WhiteTeam "South Africa"]
[BlackTeam "US of America"]
[WhiteTeamCountry "RSA"]
[BlackTeamCountry "USA"]

1. d4 Nf6 2. c4 g6 3. Nc3 Bg7 4. e4 Nxe4 5. Nxe4 d5 6. cxd5 Qxd5 7. Nc3 Qxd4 8. Qxd4 Bxd4 9. Nf3 Nc6 10. Nd5 Bb6 11. Nxb6 axb6 12. Bf4 Nb4 13. Rd1 c6 14. a3 Nd5 15. Bh6 Bg4 16. Be2 0-0-0 17. Ng5 Bxe2 18. Kxe2 Nf4+ 19. Kf3 1-0

[Event "IECC Swiss-556.1"]
[Site "IECC email"]
[Date "2011.02.24"]
[Round "?"]
[White "Hasan, Khandakar Kayes"]
[Black "Baker, Matthew JD"]
[Result "1/2-1/2"]
[WhiteElo "1759"]
[BlackElo "1568"]
[PlyCount "74"]
[EventDate "2011.??.??"]
[EventType "swiss (corr)"]
[EventRounds "1"]
[SourceTitle "Corr 2013"]
[Source "ChessBase"]
[SourceDate "2012.11.12"]
[SourceVersion "1"]
[SourceVersionDate "2012.11.12"]
[SourceQuality "1"]
[WhiteTeam "US of America"]
[BlackTeam "US of America"]
[WhiteTeamCountry "USA"]
[BlackTeamCountry "USA"]

1. e4 e5 2. Nf3 Nc6 3. Bb5 a6 4. Ba4 Nf6 5. 0-0 b5 6. Bb3 Bb7 7. c3 Nxe4 8. d4 Na5 9. Nxe5 Nxb3 10. Qxb3 Nd6 11. Qd1 Bd5 12. Qg4 h6 13. Re1 Be6 14. Qf3 Be7 15. d5 Bf5 16. c4 bxc4 17. Nxc4 Nxc4 18. Qxf5 Kf8 19. Qd3 Nb6 20. Nc3 d6 21. Bd2 Nd7 22. Rac1 Bf6 23. h3 g6 24. Ne4 Bxb2 25. Bc3 Ne5 26. Bxe5 Bxe5 27. Rf1 Kg7 28. f4 Bf6 29. Nxf6 Qxf6 30. Rxc7 Rhe8 31. f5 g5 32. Rc6 a5 33. Qa3 Qd4+ 34. Kh1 Qxd5 35. Rxd6 Qb5 36. f6+ Kg8 37. Rfd1 Qf5 1/2-1/2

[Event "IECC Trio 724 email"]
[Site "IECC email"]
[Date "1999.04.12"]
[Round "?"]
[White "Baker, Matthew JD"]
[Black "Rutten, Henk PJ"]
[Result "1/2-1/2"]
[WhiteElo "1602"]
[BlackElo "1624"]
[PlyCount "53"]
[EventDate "1999.??.??"]
[EventType "tourn (corr)"]
[EventRounds "4"]
[SourceTitle "Corr 2008"]
[Source "ChessBase"]
[SourceDate "2008.06.24"]
[SourceVersion "1"]
[SourceVersionDate "2008.06.24"]
[SourceQuality "1"]

1. e4 e5 2. Nf3 Nc6 3. Bb5 a6 4. Bxc6 dxc6 5. d4 exd4 6. Qxd4 Qxd4 7. Nxd4 Bd7 8. Be3 0-0-0 9. Nc3 Re8 10. 0-0-0 Bb4 11. Nde2 f5 12. Bd4 Re7 13. exf5 Bxf5 14. Ng3 Nh6 15. Rhe1 Rhe8 16. Rxe7 Rxe7 17. Be3 Bg4 18. Rd4 Bxc3 19. bxc3 Be6 20. Bxh6 gxh6 21. c4 Rf7 22. f3 c5 23. Re4 Kd7 24. a4 b6 25. Rh4 Rf6 26. Nh5 Rf7 27. Ng3 1/2-1/2

[Event "IECC P email"]
[Site "IECC email"]
[Date "1998.10.10"]
[Round "?"]
[White "Baker, Matthew JD"]
[Black "Tremblay, Denis"]
[Result "0-1"]
[WhiteElo "1626"]
[BlackElo "1624"]
[PlyCount "70"]
[EventDate "1998.??.??"]
[EventType "tourn (corr)"]
[EventRounds "6"]
[SourceTitle "Corr 2008"]
[Source "ChessBase"]
[SourceDate "2008.06.24"]
[SourceVersion "1"]
[SourceVersionDate "2008.06.24"]
[SourceQuality "1"]

1. c4 c5 2. Nc3 Nf6 3. Nf3 d5 4. cxd5 Nxd5 5. e3 Nxc3 6. bxc3 g6 7. Qa4+ Nd7 8. Ba3 Qc7 9. Be2 Bg7 10. 0-0 0-0 11. d4 b6 12. Rab1 Bb7 13. Rfd1 Rfd8 14. h3 e6 15. Qc2 cxd4 16. Nxd4 Nc5 17. Bf3 Bxf3 18. Nxf3 Rac8 19. c4 h6 20. h4 Rxd1+ 21. Rxd1 Na6 22. e4 b5 23. e5 Qa5 24. Be7 bxc4 25. h5 gxh5 26. Rd4 c3 27. Rh4 Qc7 28. Bd6 Qb7 29. Ba3 Qb5 30. Re4 Bf8 31. Nd4 Qb6 32. Bxf8 Kxf8 33. Rf4 Kg8 34. Qd3 Rc7 35. Qg6+ fxg6 0-1

[Event "IECC Trio 518 email"]
[Site "IECC email"]
[Date "1998.04.25"]
[Round "?"]
[White "Garnett, Edward"]
[Black "Baker, Matthew JD"]
[Result "1/2-1/2"]
[WhiteElo "1486"]
[BlackElo "1516"]
[PlyCount "76"]
[EventDate "1998.??.??"]
[EventType "tourn (corr)"]
[EventRounds "4"]
[SourceTitle "Corr 2008"]
[Source "ChessBase"]
[SourceDate "2008.06.24"]
[SourceVersion "1"]
[SourceVersionDate "2008.06.24"]
[SourceQuality "1"]

1. e4 e5 2. Nf3 Nf6 3. Nxe5 Nxe4 4. Qe2 Qe7 5. Qxe4 d6 6. d4 dxe5 7. dxe5 Nc6 8. Nc3 Qxe5 9. Qxe5+ Nxe5 10. Bf4 Bd6 11. Bg3 0-0 12. 0-0-0 Ng4 13. Bxd6 cxd6 14. Rd2 Rd8 15. h3 Nf6 16. g4 Bd7 17. Be2 Bc6 18. Rhd1 Ne8 19. Bd3 Bf3 20. Re1 Rac8 21. Re3 Bc6 22. Bf5 Rc7 23. f4 g6 24. Bd3 Kf8 25. f5 Rdd7 26. Nb5 Bxb5 27. fxg6 Bxd3 28. Rxe8+ Kg7 29. Rxd3 fxg6 30. b4 Rc4 31. a3 h6 32. Kb2 d5 33. c3 Kf7 34. Rh8 Kg7 35. Ra8 a6 36. Re8 Kf6 37. Rde3 d4 38. cxd4 Rcxd4 1/2-1/2